|
|
|
|
| LEADER |
00752nam a2200229Ia 4500 |
| 001 |
CTU_110668 |
| 008 |
210402s9999 xx 000 0 und d |
| 020 |
|
|
|c 70000
|
| 082 |
|
|
|a 340.09597
|
| 082 |
|
|
|b T406
|
| 100 |
|
|
|a Lê, Minh Toàn
|
| 245 |
|
0 |
|a Pháp luật đại cương :
|
| 245 |
|
0 |
|b Dùng trong các trường đại học cao đẳng và trung học chuyên nghiệp
|
| 245 |
|
0 |
|c Lê Minh Toàn (Chủ biên)
|
| 260 |
|
|
|a Hà Nội
|
| 260 |
|
|
|b Chính trị Quốc gia
|
| 260 |
|
|
|c 2007
|
| 650 |
|
|
|a Law,Law,Luật
|
| 650 |
|
|
|x Study and teaching,Học và giảng dạy
|
| 650 |
|
|
|z Vietnam,Vietnam,Việt Nam
|
| 904 |
|
|
|i Giang
|
| 980 |
|
|
|a Trung tâm Học liệu Trường Đại học Cần Thơ
|